00491nam a2200193 a 4500001001300000003000900013005001700022008004100039020001000080082001700090100003500107245002100142260003100163300000900194500003500203505001300238650001100251700003500262nice12345678IN_TiNIC20260116011401.0050524s1925 dela grp 000 0 ara  ac10000a297.124bABU aAbu Dawood, Sulaiman Sijistani aSunan Abi Dawood aDelhibMatba Mujtabac1925 a362p aincludes index and biblioraphy2 aarchives aHadith1 aAbu Dawood, Sulaiman Sijistani